[Event "Erfurt op Seniors 29th"]
[Site "Erfurt"]
[Date "2019.12.30"]
[Round "5"]
[White "Wolkenstein, Eckhardt"]
[Black "Welsch, Dieter"]
[Result "0-1"]
[WhiteElo "1589"]
[BlackElo "1794"]
[PlyCount "90"]
[EventDate "2019.12.26"]
[EventType "swiss"]
[EventRounds "5"]
[EventCountry "GER"]
[SourceTitle "CBM 194 Extra"]
[Source "ChessBase"]
[SourceDate "2020.03.31"]
[SourceVersion "1"]
[SourceVersionDate "2020.03.31"]
[SourceQuality "1"]

1. d4 d5 2. c4 c6 3. cxd5 cxd5 4. Nc3 Nf6 5. Bf4 Bd7 6. Rc1 Nc6 7. e3 e6 8. Nf3 a6 9. Ne5 Nxe5 10. dxe5 Ng8 11. Bd3 Ne7 12. Bg5 h6 13. Bh4 Qb6 14. Rc2 Nc6 15. f4 Qxe3+ 16. Ne2 Bb4+ 17. Kf1 Qb6 18. a3 Be7 19. Bf2 Qd8 20. Nd4 0-0 21. Ke2 f6 22. Re1 fxe5 23. Nxc6 Bxc6 24. fxe5 Bg5 25. Kf1 Bh4 26. g3 Bg5 27. Kg1 Ba4 28. Qh5 Bxc2 29. Bxc2 Qe8 30. Bg6 Qe7 31. h4 Bd2 32. Re2 Ba5 33. Rc2 d4 34. Bd3 Qe8 35. Bg6 Qe7 36. Bxd4 Rad8 37. Bc5 Qd7 38. Bd6 Bb6+ 39. Kg2 Qb5 40. Bxf8 Rxf8 41. Be4 Qf1+ 42. Kh2 Bg1+ 43. Kh1 Bf2+ 44. Kh2 Qg1+ 45. Kh3 Qxg3# 0-1

[Event "Erfurt op Seniors 29th"]
[Site "Erfurt"]
[Date "2019.12.27"]
[Round "2"]
[White "Kroencke, Manfred"]
[Black "Welsch, Dieter"]
[Result "1/2-1/2"]
[WhiteElo "2034"]
[BlackElo "1794"]
[PlyCount "88"]
[EventDate "2019.12.26"]
[EventType "swiss"]
[EventRounds "5"]
[EventCountry "GER"]
[SourceTitle "CBM 194 Extra"]
[Source "ChessBase"]
[SourceDate "2020.03.31"]
[SourceVersion "1"]
[SourceVersionDate "2020.03.31"]
[SourceQuality "1"]

1. e4 e5 2. Nf3 Nf6 3. Nxe5 d6 4. Nc4 Nxe4 5. Qe2 Qe7 6. Ne3 Nc6 7. c3 Be6 8. d4 d5 9. Nd2 f5 10. Nxe4 fxe4 11. Qb5 Qd6 12. Qa4 Be7 13. Bb5 0-0 14. Bxc6 bxc6 15. b4 Qf4 16. Qc2 Qh4 17. Qe2 Bd6 18. g3 Qh3 19. Bd2 Rf3 20. Qf1 Raf8 21. Qxh3 Bxh3 22. Nd1 h6 23. Rb1 a6 24. Be3 R3f6 25. Nb2 Bg2 26. Rg1 Bf3 27. Na4 Rb8 28. Kd2 Rff8 29. Nc5 Bxc5 30. bxc5 Bg4 31. h4 Kf7 32. Rb3 Rb5 33. Rgb1 Ke7 34. a4 Rxb3 35. Rxb3 Bc8 36. a5 Kd7 37. Rb1 Kd8 38. Bf4 Kd7 39. Rg1 Rf7 40. Rg2 Kd8 41. Ke3 Bg4 42. Rg1 Kc8 43. Rg2 Rf5 44. Kd2 Rf7 1/2-1/2

[Event "RLP Seniors op 17th"]
[Site "Neustadt an der Weinstrasse"]
[Date "2019.07.26"]
[Round "7"]
[White "Welsch, Dieter"]
[Black "Schoeler, Klaus"]
[Result "1-0"]
[WhiteElo "1807"]
[BlackElo "1555"]
[PlyCount "123"]
[EventDate "2019.07.20"]
[EventType "swiss"]
[EventRounds "9"]
[EventCountry "GER"]
[SourceTitle "CBM 192 Extra"]
[Source "Chessbase"]
[SourceDate "2019.11.06"]
[SourceVersion "1"]
[SourceVersionDate "2019.11.06"]
[SourceQuality "1"]

1. d4 d5 2. Nf3 Nf6 3. e3 e6 4. b3 c5 5. Bb2 cxd4 6. Nxd4 Bb4+ 7. c3 Bd6 8. Bd3 0-0 9. 0-0 Nbd7 10. Nd2 Ne5 11. Bc2 b6 12. c4 Ba6 13. Nb5 Bb7 14. Nxd6 Qxd6 15. Qe2 Rac8 16. Rac1 dxc4 17. bxc4 Rfd8 18. Rfd1 Qc6 19. f3 Ng6 20. Bb3 Ne8 21. Ne4 Rxd1+ 22. Rxd1 Qc7 23. Ng3 Rd8 24. Rd4 Ba6 25. Qd3 Rxd4 26. exd4 Nd6 27. Qc3 Ne8 28. Ne4 Bb7 29. g3 Qc6 30. Qe3 h6 31. d5 exd5 32. cxd5 Qb5 33. Nc3 Qc5 34. Kf2 Qxe3+ 35. Kxe3 Nd6 36. Ne4 Nf5+ 37. Kd3 Ba6+ 38. Kd2 Kf8 39. d6 Bb5 40. g4 Nfh4 41. Ke3 Ke8 42. Bxg7 Kd7 43. Bxf7 Ng2+ 44. Kd4 N6f4 45. Bxh6 Ne2+ 46. Ke5 Nh4 47. Be6+ Kc6 48. Bd5+ Kd7 49. Nf6+ Kd8 50. Bg5 Ng6+ 51. Kf5 Nf8 52. Nh7+ Ke8 53. Nf6+ Kd8 54. Ne4+ Kc8 55. h4 Nd4+ 56. Kf6 Nh7+ 57. Kg6 Nxg5 58. Nxg5 Bd7 59. Nf7 Ne2 60. Kg5 Nc3 61. Ba8 Nb5 62. h5 1-0

[Event "RLP Seniors op 17th"]
[Site "Neustadt an der Weinstrasse"]
[Date "2019.07.23"]
[Round "4"]
[White "Rosinus, Karl"]
[Black "Welsch, Dieter"]
[Result "0-1"]
[WhiteElo "1522"]
[BlackElo "1807"]
[PlyCount "78"]
[EventDate "2019.07.20"]
[EventType "swiss"]
[EventRounds "9"]
[EventCountry "GER"]
[SourceTitle "CBM 192 Extra"]
[Source "Chessbase"]
[SourceDate "2019.11.06"]
[SourceVersion "1"]
[SourceVersionDate "2019.11.06"]
[SourceQuality "1"]

1. d4 d5 2. g3 Nf6 3. Bg2 b6 4. Nf3 Bb7 5. c3 e6 6. Qa4+ Bc6 7. Qc2 Nbd7 8. Bg5 h6 9. Bxf6 Nxf6 10. Ne5 Bb7 11. Qa4+ Nd7 12. Qxd7+ Qxd7 13. Nxd7 Kxd7 14. 0-0 c5 15. e3 Bd6 16. Re1 f5 17. Nd2 cxd4 18. exd4 g5 19. Nf3 Rhf8 20. Bf1 a6 21. Ne5+ Kc7 22. a3 b5 23. Rac1 Bxe5 24. Rxe5 Kd6 25. Rce1 Rae8 26. Bh3 g4 27. Bf1 Bc6 28. h3 h5 29. hxg4 hxg4 30. Be2 Rg8 31. Bd3 Bd7 32. Kg2 Ref8 33. Ra1 Rf6 34. Rf1 f4 35. gxf4 Rxf4 36. Be2 Re4 37. Rxe4 dxe4 38. Rh1 e3 39. fxe3 Bc6+ 0-1

[Event "Rheinland Pfalz op Seniors 16th"]
[Site "Neustadt an der Weinstrasse"]
[Date "2018.07.13"]
[Round "7"]
[White "Bauder, Herbert"]
[Black "Welsch, Dieter"]
[Result "1/2-1/2"]
[WhiteElo "1879"]
[BlackElo "1831"]
[PlyCount "46"]
[EventDate "2018.07.07"]
[EventType "swiss"]
[EventRounds "9"]
[EventCountry "GER"]
[SourceTitle "EXT 2019"]
[Source "ChessBase"]
[SourceDate "2018.10.10"]
[SourceVersion "1"]
[SourceVersionDate "2018.10.10"]
[SourceQuality "1"]

1. d4 d5 2. Nf3 Nf6 3. c4 c6 4. Nc3 e6 5. Bg5 Be7 6. e3 Nbd7 7. Qc2 h6 8. Bh4 b6 9. Be2 Bb7 10. 0-0 0-0 11. Rfd1 Re8 12. Ne5 Nxe5 13. dxe5 Nd7 14. Bg3 Bh4 15. Bxh4 Qxh4 16. Rd4 Qe7 17. f4 Red8 18. Rad1 Nf8 19. b3 Rac8 20. Qb2 Rd7 21. R4d2 Rcd8 22. b4 dxc4 23. Rxd7 Rxd7 1/2-1/2

[Event "Rheinland Pfalz op Seniors 16th"]
[Site "Neustadt an der Weinstrasse"]
[Date "2018.07.10"]
[Round "4"]
[White "Samarian, Cornel"]
[Black "Welsch, Dieter"]
[Result "1/2-1/2"]
[WhiteElo "1658"]
[BlackElo "1831"]
[PlyCount "57"]
[EventDate "2018.07.07"]
[EventType "swiss"]
[EventRounds "9"]
[EventCountry "GER"]
[SourceTitle "EXT 2019"]
[Source "ChessBase"]
[SourceDate "2018.10.10"]
[SourceVersion "1"]
[SourceVersionDate "2018.10.10"]
[SourceQuality "1"]

1. d4 d5 2. Nf3 Nf6 3. c4 c6 4. Nc3 e6 5. e3 Nbd7 6. Be2 Bd6 7. 0-0 0-0 8. h3 Re8 9. Qc2 e5 10. dxe5 Nxe5 11. cxd5 cxd5 12. b3 Be6 13. Bb2 Rc8 14. Rac1 a6 15. Rfd1 Qd7 16. Nxe5 Bxe5 17. h4 Qe7 18. Bf3 Red8 19. Qe2 Bb8 20. Qe1 b5 21. g3 Rc5 22. Ne2 Rxc1 23. Rxc1 Ne4 24. Kg2 Bf5 25. Nd4 Bd7 26. Nc6 Bxc6 27. Rxc6 Qb7 28. Qc1 f6 29. Bxe4 1/2-1/2

[Event "Schleswig Holstein-ch Seniors op 11th"]
[Site "Buesum"]
[Date "2017.09.16"]
[Round "9"]
[White "Welsch, Dieter"]
[Black "Van Houten, Henk"]
[Result "1-0"]
[WhiteElo "1823"]
[BlackElo "1645"]
[PlyCount "97"]
[EventDate "2017.09.08"]
[EventType "swiss"]
[EventRounds "9"]
[EventCountry "GER"]
[SourceTitle "EXT 2019"]
[Source "ChessBase"]
[SourceDate "2018.10.10"]
[SourceVersion "1"]
[SourceVersionDate "2018.10.10"]
[SourceQuality "1"]

1. e4 d6 2. Bc4 g6 3. d4 Bg7 4. Be3 e6 5. Nc3 Nd7 6. Nge2 Nb6 7. Bb3 Bd7 8. Qd2 a5 9. a4 h5 10. f4 f5 11. 0-0-0 fxe4 12. Nxe4 Nf6 13. Ng5 d5 14. Nc3 c6 15. Qd3 Rh6 16. Rhe1 Ng4 17. Bg1 Qf6 18. g3 Qf5 19. Qe2 Ke7 20. Qf3 Bf6 21. h3 Bxg5 22. hxg4 hxg4 23. Qf2 Bf6 24. Ne2 Rah8 25. c3 Bg7 26. Bc2 Qf7 27. Kb1 Rf8 28. Nc1 g5 29. Nd3 gxf4 30. Nxf4 Nc4 31. Qe2 e5 32. dxe5 Nxe5 33. Bc5+ Kd8 34. Bxf8 Qxf8 35. Qe3 Kc7 36. Rh1 Nc4 37. Qe2 Rxh1 38. Rxh1 Qf6 39. Rf1 Qd6 40. Bd3 Ne5 41. Bc2 Nf3 42. Rh1 Qf6 43. Qd3 Ne5 44. Qd4 Bf5 45. Bxf5 Qxf5+ 46. Ka2 Bf6 47. Qc5 Nc4 48. Rh5 Bg5 49. Rxg5 1-0

[Event "Rheinland Pfalz op Seniors 14th"]
[Site "Neustadt an der Weinstrasse"]
[Date "2016.07.20"]
[Round "5"]
[White "Welsch, Dieter"]
[Black "Bohne, Lutz"]
[Result "1/2-1/2"]
[WhiteElo "1818"]
[BlackElo "1975"]
[PlyCount "31"]
[EventDate "2016.07.16"]
[EventType "swiss"]
[EventRounds "9"]
[EventCountry "GER"]
[SourceTitle "EXT 2019"]
[Source "ChessBase"]
[SourceDate "2018.10.10"]
[SourceVersion "1"]
[SourceVersionDate "2018.10.10"]
[SourceQuality "1"]

1. e4 c6 2. d4 d5 3. Bd3 dxe4 4. Bxe4 Nf6 5. Bf3 Bf5 6. b3 e6 7. Ne2 Bd6 8. c4 a5 9. 0-0 0-0 10. Bb2 Na6 11. a3 Rc8 12. Nbc3 Bg4 13. Qd3 Bxf3 14. Qxf3 Nc7 15. Ne4 Nxe4 16. Qxe4 1/2-1/2

[Event "Rheinland Pfalz op Seniors 14th"]
[Site "Neustadt an der Weinstrasse"]
[Date "2016.07.17"]
[Round "2"]
[White "Van Houten, Henk"]
[Black "Welsch, Dieter"]
[Result "0-1"]
[WhiteElo "1672"]
[BlackElo "1818"]
[PlyCount "62"]
[EventDate "2016.07.16"]
[EventType "swiss"]
[EventRounds "9"]
[EventCountry "GER"]
[SourceTitle "EXT 2019"]
[Source "ChessBase"]
[SourceDate "2018.10.10"]
[SourceVersion "1"]
[SourceVersionDate "2018.10.10"]
[SourceQuality "1"]

1. b3 e5 2. Bb2 Nc6 3. a3 d5 4. e3 a6 5. g3 Nf6 6. Bg2 Bd6 7. d3 Bg4 8. Ne2 Ne7 9. f3 Be6 10. e4 Qd7 11. b4 Bh3 12. 0-0 c6 13. Nd2 0-0 14. c4 Bxg2 15. Kxg2 Rac8 16. c5 Bb8 17. d4 Ng6 18. Qb3 Rfe8 19. Rae1 Re7 20. Bc3 Rce8 21. Qb2 h6 22. Rf2 Nh7 23. Qb3 Ng5 24. Qc2 exd4 25. Nxd4 dxe4 26. Re3 exf3+ 27. Rexf3 Nxf3 28. N2xf3 Qd5 29. Qf5 Re5 30. Qc2 Re3 31. Kf1 Qc4+ 0-1

[Event "Rheinland Pfalz op Seniors 14th"]
[Site "Neustadt an der Weinstrasse"]
[Date "2016.07.16"]
[Round "1"]
[White "Welsch, Dieter"]
[Black "Hottes, Dieter"]
[Result "0-1"]
[WhiteElo "1818"]
[BlackElo "2126"]
[PlyCount "148"]
[EventDate "2016.07.16"]
[EventType "swiss"]
[EventRounds "9"]
[EventCountry "GER"]
[SourceTitle "EXT 2019"]
[Source "ChessBase"]
[SourceDate "2018.10.10"]
[SourceVersion "1"]
[SourceVersionDate "2018.10.10"]
[SourceQuality "1"]

1. e4 b6 2. d4 Bb7 3. Bd3 Nf6 4. Nc3 e6 5. Qe2 Bb4 6. Bd2 d5 7. e5 Bxc3 8. bxc3 Ne4 9. Nf3 Nxd2 10. Qxd2 Nc6 11. 0-0 Qe7 12. Qg5 Qxg5 13. Nxg5 h6 14. Nf3 Rc8 15. Nd2 0-0 16. f4 f5 17. Rf3 Na5 18. Rg3 c5 19. Rg6 Kf7 20. Rg3 cxd4 21. cxd4 Nc4 22. Nf3 Rg8 23. h4 g6 24. Kf2 Nb2 25. Ne1 Rc7 26. Rb1 Na4 27. Rb3 Nc3 28. a3 Ne4+ 29. Bxe4 dxe4 30. Rgc3 Rgc8 31. Rxc7+ Rxc7 32. Ke3 Bd5 33. Rb2 Rc3+ 34. Kd2 Rxa3 35. c3 Ra1 36. g3 Bc4 37. Ng2 Bd3 38. Ne1 Bc4 39. Ng2 Bd5 40. Ne3 Rh1 41. c4 Bb7 42. Kc3 Rg1 43. Rg2 Re1 44. Kd2 Ra1 45. Kc3 Ra3+ 46. Kd2 Rd3+ 47. Ke2 Rxd4 48. Rg1 Rd7 49. Ra1 Bc6 50. Rb1 Rc7 51. g4 fxg4 52. Nxg4 h5 53. Nf6 Bb7 54. Rc1 Rxc4 55. Rxc4 Ba6 56. Ke3 Bxc4 57. Kxe4 Ke7 58. Kd4 Bb5 59. Ne4 Bc6 60. Nc3 Kd7 61. Na2 a5 62. Nc3 Kc7 63. Kc4 Bg2 64. Kb5 Bf1+ 65. Ka4 Kc6 66. Ne4 Bc4 67. Ka3 Bd3 68. Ng5 Bf5 69. Nf7 Kd5 70. Nd6 Kd4 71. Ka4 Ke3 72. Kb5 Kxf4 73. Kxb6 a4 74. Nc4 Bc2 0-1

[Event "SVR-ch MAT-I 37th"]
[Site "Heimbach Weis"]
[Date "2014.04.17"]
[Round "7"]
[White "Luetz, Jannik"]
[Black "Welsch, Dieter"]
[Result "1/2-1/2"]
[WhiteElo "1747"]
[BlackElo "1618"]
[PlyCount "37"]
[EventDate "2014.04.11"]
[EventType "tourn"]
[EventRounds "9"]
[EventCountry "GER"]
[SourceTitle "CBM 160 Extra"]
[Source "ChessBase"]
[SourceDate "2014.07.01"]
[SourceVersion "1"]
[SourceVersionDate "2014.07.01"]
[SourceQuality "1"]

1. e4 e5 2. Nf3 Nc6 3. Bb5 a6 4. Bxc6 dxc6 5. 0-0 Bg4 6. h3 Bh5 7. d3 Bd6 8. Nbd2 Ne7 9. Re1 0-0 10. Nf1 Qd7 11. Ng3 Bxf3 12. Qxf3 f5 13. exf5 Nxf5 14. Nxf5 Rxf5 15. Qe2 Raf8 16. Be3 c5 17. Qg4 b6 18. Qc4+ Kh8 19. c3 1/2-1/2

[Event "SVR-ch MAT-I 37th"]
[Site "Heimbach Weis"]
[Date "2014.04.17"]
[Round "6"]
[White "Welsch, Dieter"]
[Black "Schneider, Andrej"]
[Result "1-0"]
[WhiteElo "1618"]
[BlackElo "1832"]
[PlyCount "63"]
[EventDate "2014.04.11"]
[EventType "tourn"]
[EventRounds "9"]
[EventCountry "GER"]
[SourceTitle "CBM 160 Extra"]
[Source "ChessBase"]
[SourceDate "2014.07.01"]
[SourceVersion "1"]
[SourceVersionDate "2014.07.01"]
[SourceQuality "1"]

1. d4 Nf6 2. Nf3 d5 3. e3 e6 4. b3 c5 5. Bb2 Nc6 6. Bd3 Bd6 7. dxc5 Bxc5 8. Nc3 a6 9. 0-0 0-0 10. Ne2 Nb4 11. Ned4 Nxd3 12. Qxd3 Qe7 13. Ne5 Nd7 14. Nxd7 Bxd7 15. c4 dxc4 16. Qxc4 Rac8 17. Qd3 Rfd8 18. Rfd1 Be8 19. Qe2 Ba7 20. Qg4 f5 21. Qg3 Bb8 22. Qh3 Be5 23. Rab1 Qf6 24. f4 Bb8 25. Qf3 Qf7 26. Qf2 e5 27. fxe5 Bxe5 28. Rf1 g6 29. Qh4 Bf6 30. Qg3 Qe7 31. Nxf5 Qe6 32. Bxf6 1-0

[Event "SVR-ch Seniors 36th"]
[Site "Idar Oberstein"]
[Date "2013.03.28"]
[Round "5"]
[White "Geibel, Kurt"]
[Black "Welsch, Dieter"]
[Result "0-1"]
[WhiteElo "1206"]
[BlackElo "1809"]
[PlyCount "78"]
[EventDate "2013.03.23"]
[EventType "swiss"]
[EventRounds "7"]
[EventCountry "GER"]
[SourceTitle "EXT 2014"]
[Source "ChessBase"]
[SourceDate "2013.11.20"]
[SourceVersion "1"]
[SourceVersionDate "2013.11.20"]
[SourceQuality "1"]

1. e4 e5 2. Nc3 Bc5 3. Bc4 d6 4. d3 Nc6 5. Nf3 Bg4 6. Bd2 Nd4 7. h3 Nxf3+ 8. gxf3 Bh5 9. Qe2 c6 10. 0-0-0 b5 11. Bb3 a5 12. a3 b4 13. Na4 bxa3 14. Nxc5 axb2+ 15. Kxb2 dxc5 16. Qe3 Qb6 17. Ka1 f6 18. Rb1 Qa7 19. f4 Qe7 20. Ba4 Qd6 21. fxe5 fxe5 22. Qg5 Qd4+ 23. Rb2 Qxa4+ 24. Ra2 Qd4+ 25. c3 Qd6 26. Qxh5+ g6 27. Qf3 Nf6 28. c4 0-0 29. Qe2 Qd4+ 30. Rb2 Nh5 31. Be3 Qd6 32. Rhb1 Nf4 33. Bxf4 Rxf4 34. Qd1 Qd4 35. Qb3 Rxf2 36. Qb7 Raf8 37. Ka2 Rxb2+ 38. Rxb2 Qxd3 39. Qb3 Qxe4 0-1

[Event "SVR-ch Seniors 35th"]
[Site "Nickenich"]
[Date "2012.04.05"]
[Round "4"]
[White "Welsch, Dieter"]
[Black "Paetzold, Horst"]
[Result "1-0"]
[WhiteElo "1633"]
[BlackElo "1493"]
[PlyCount "63"]
[EventDate "2012.03.30"]
[EventType "swiss"]
[EventRounds "7"]
[EventCountry "GER"]
[SourceTitle "EXT 2013"]
[Source "ChessBase"]
[SourceDate "2012.11.22"]
[SourceVersion "1"]
[SourceVersionDate "2012.11.22"]
[SourceQuality "1"]

1. d4 c5 2. d5 d6 3. e4 g6 4. Bd3 Bg7 5. f4 Nf6 6. c4 0-0 7. Nf3 Nbd7 8. 0-0 a6 9. e5 dxe5 10. fxe5 Ne8 11. Qe2 Nc7 12. Bf4 b5 13. b3 b4 14. Nbd2 a5 15. Rae1 a4 16. Ne4 axb3 17. axb3 Ra3 18. Rb1 Na6 19. Neg5 Qb6 20. Bc1 Ra5 21. Bb2 Ra2 22. Rbe1 h6 23. Nh3 g5 24. Nf2 Bb7 25. Bb1 Ra5 26. Ng4 Nc7 27. Qe4 f5 28. exf6 Nxf6 29. Nxf6+ Rxf6 30. Bxf6 exf6 31. Qh7+ Kf8 32. Ne5 1-0

[Event "SVR-ch Seniors 35th"]
[Site "Nickenich"]
[Date "2012.03.31"]
[Round "2"]
[White "Welsch, Dieter"]
[Black "Heidmann, Horst"]
[Result "1-0"]
[WhiteElo "1633"]
[BlackElo "1526"]
[PlyCount "75"]
[EventDate "2012.03.30"]
[EventType "swiss"]
[EventRounds "7"]
[EventCountry "GER"]
[SourceTitle "EXT 2013"]
[Source "ChessBase"]
[SourceDate "2012.11.22"]
[SourceVersion "1"]
[SourceVersionDate "2012.11.22"]
[SourceQuality "1"]

1. d4 d5 2. Nf3 c6 3. e3 Nf6 4. Bd3 Bg4 5. b3 e6 6. 0-0 Bd6 7. Nbd2 Nbd7 8. Bb2 0-0 9. c4 Rc8 10. Qc2 g6 11. h3 Bxf3 12. Nxf3 b5 13. Rfe1 a6 14. e4 dxe4 15. Bxe4 Nxe4 16. Qxe4 Nf6 17. Qh4 Nh5 18. Qe4 Ng7 19. Rad1 bxc4 20. bxc4 Bb4 21. Re3 Nf5 22. Rb3 a5 23. c5 Bxc5 24. Rc3 Nd6 25. Qe5 Bb4 26. Rcc1 Nf5 27. d5 f6 28. Qxe6+ Rf7 29. dxc6 Qf8 30. Bxf6 Re8 31. Qb3 Rc8 32. Ng5 Nd6 33. c7 a4 34. Qd5 h6 35. Nxf7 Nxf7 36. Qe6 Re8 37. Qxe8 Qxe8 38. c8Q 1-0